Educación en sexualidad e igualdad : (Registro nro. 256638)

Detalles MARC
000 -LEADER
fixed length control field 03343nam a2200445Ii 4500
001 - CONTROL NUMBER
control field DIGDYK1489
003 - CONTROL NUMBER IDENTIFIER
control field NyNyDIG
008 - FIXED-LENGTH DATA ELEMENTS--GENERAL INFORMATION
fixed length control field 200318s2019 sp o 000 p spa d
006 - FIXED-LENGTH DATA ELEMENTS--ADDITIONAL MATERIAL CHARACTERISTICS
fixed length control field m o d
007 - PHYSICAL DESCRIPTION FIXED FIELD--GENERAL INFORMATION
fixed length control field cr |||||||||||
035 ## - SYSTEM CONTROL NUMBER
System control number (OCoLC)1113883143
040 ## - CATALOGING SOURCE
Original cataloging agency DGITA
Language of cataloging eng
Description conventions rda
-- pn
Transcribing agency DGITA
020 ## - INTERNATIONAL STANDARD BOOK NUMBER
International Standard Book Number 9788413241272
Qualifying information (eBook ;
-- pdf)
020 ## - INTERNATIONAL STANDARD BOOK NUMBER
International Standard Book Number 8413241278
Qualifying information (eBook ;
-- pdf)
020 ## - INTERNATIONAL STANDARD BOOK NUMBER
Canceled/invalid ISBN 9788413240138
020 ## - INTERNATIONAL STANDARD BOOK NUMBER
Canceled/invalid ISBN 8413240131
050 14 - LIBRARY OF CONGRESS CALL NUMBER
Classification number HQ57.3 ebook
082 14 - DEWEY DECIMAL CLASSIFICATION NUMBER
Classification number 372.372049
245 00 - TITLE STATEMENT
Title Educación en sexualidad e igualdad :
Remainder of title discursos y estrategias para la formación de docentes y educadores sociales /
Statement of responsibility, etc. María Teresa Bejarano Franco y Rosa Marí Ytarte (dir.) ; María Teresa Bejarano Franco [and 19 others].
264 #1 - PRODUCTION, PUBLICATION, DISTRIBUTION, MANUFACTURE, AND COPYRIGHT NOTICE
Place of production, publication, distribution, manufacture Madrid :
Name of producer, publisher, distributor, manufacturer Dykinson, S.L.
Date of production, publication, distribution, manufacture, or copyright notice 2019.
300 ## - PHYSICAL DESCRIPTION
Extent 1 online resource.
336 ## - CONTENT TYPE
Content type term text
Source rdacontent
337 ## - MEDIA TYPE
Media type term computer
Media type code c
Source rdamedia
338 ## - CARRIER TYPE
Carrier type term online resource
Carrier type code cr
Source rdacarrier
347 ## - DIGITAL FILE CHARACTERISTICS
File type text file
Source rdaft
347 ## - DIGITAL FILE CHARACTERISTICS
Encoding format PDF
505 0# - FORMATTED CONTENTS NOTE
Formatted contents note Sexualidad e igualdad en la formación docente : realidades y nuevos enfoques desde la pedagogía / Montserrat Blanco García y María Teresa Bejarano Franco -- Educar en sexualidades e igualdad en educación social desde una perspectiva feminista / Rosa Marí Ytarte, Rut Barranco Barroso e Irene Martínez Martín -- Género, igualdad y coeducación : ¿sobre qué se investiga? / María García-Cano Torrico y Eva F. Hinojosa Pareja -- La educación en sexualidad en el currículo de futuros docentes y educadores : nuevos contenidos y estrategias didácticas desde las ciencias y la educación para la salud / Antonio Mateos Jiménez y Beatriz García Fernández -- La diversidad afectivo-sexual y de identidad de género en la formación de educadoras/es sociales : propuesta pedagógica con perspectiva integradora en la práctica profesional / Natalia Hipólito Ruiz y Virtudes Téllez Delgado -- Los cuentos creativos, un recurso didáctico para la igualdad en educación infantil y primaria / María Teresa Bejarano Franco e Irene Martínez Martín -- Resistencias en tiempo de ideología de género : el proyecto escuela promotora de la igualdad de género / Paula Regina Costa Ribeiro, Joanalira Corpes Magalhães y Juliana Lapa Rizza -- Violencia de género en la juventud : visiones y respuestas desde la educación social / Sonia Morales Calvo y Roberto Moreno López -- La sexualidad en la diversidad : estrategias de intervención en personas con síndrome de Down / Élida Roisen y María Gabriela Sánchez Negrete -- Importancia de la sexualidad para promover un envejecimiento activo y saludable en personas mayores / Nazaret Martínez Heredia y Gracia González Gijón.
588 0# - SOURCE OF DESCRIPTION NOTE
Source of description note Online resource; title from PDF title page (Digitalia, viewed March 18, 2020)
650 #0 - SUBJECT ADDED ENTRY--TOPICAL TERM
Topical term or geographic name entry element Sex instruction.
650 #0 - SUBJECT ADDED ENTRY--TOPICAL TERM
Topical term or geographic name entry element Teachers
General subdivision Training of.
650 #0 - SUBJECT ADDED ENTRY--TOPICAL TERM
Topical term or geographic name entry element Educational equalization.
650 #0 - SUBJECT ADDED ENTRY--TOPICAL TERM
Topical term or geographic name entry element Sex educators
General subdivision Training of.
655 #0 - INDEX TERM--GENRE/FORM
Genre/form data or focus term Electronic books.
791 2# -
-- Digitalia (Firm),
-- distributor.
793 0# -
-- Digitalia eBook Collection:
-- Dykinson Editorial
776 08 - ADDITIONAL PHYSICAL FORM ENTRY
Relationship information Print version:
Title Educación en sexualidad e igualdad.
Place, publisher, and date of publication Madrid : Dykinson, 2019
International Standard Book Number 9788413240138
856 40 - ELECTRONIC LOCATION AND ACCESS
Materials specified Digitalia Hispánica
Uniform Resource Identifier <a href="https://www.digitaliapublishing.com/a/59909/">https://www.digitaliapublishing.com/a/59909/</a>
910 ## - USER-OPTION DATA (OCLC)
User-option data Premium collection: 2020
942 ## - ADDED ENTRY ELEMENTS (KOHA)
Koha item type Recurso Electrónico
Existencias
Withdrawn status Lost status Damaged status Not for loan Collection Home library Current library Date acquired Total checkouts Date last seen Price effective from Koha item type
        Digitalia Ebooks Hispanica Biblioteca Digital UIN Biblioteca Digital UIN 04/25/2025   04/25/2025 04/25/2025 Recurso Electrónico

CONTACTO


NOSOTROS


SITIOS DE INTERES

coordinacion.biblioteca.biblioteca@unienlinea.mx Misión, Visión y Objetivos Bases de datos
Directorio Bibliotecas Digitales y Repositorios
Normatividad Revistas y artículos
Convenios interbibliotecarios
Boletines



Hecho en México. Universidad Insurgentes (UIN). Todos los derechos reservados 2024. Esta página y sus contenidos pueden ser reproducidos con fines no lucrativos, siempre y cuando no se mutile, se cite la fuente completa y su dirección electrónicas. De otra forma requiere permiso previo por escrito de la institución




2024 Copyright Universidad Insurgentes | www.bibliouin.com.mx